000 00541nam a22002177a 4500
003 UA-OsUOA
001 37066
007 ta
008 20060222b un ||||| |||| 00| 0 ukr d
100 _aКолодійчук Є.
090 _a94(477)
_bК11
942 _cSA
040 _aUA-OsUOA
_bukr
_cUA-OsUOA
_dUA-OsUOA
245 _aМали козаки й ракети...
300 _aС.7
955 _a0
041 _aukr
080 _a94(477)
773 0 _w37065
650 7 _a9 Географія. Біографії. Історія
_2UDC
999 _c323258
_d323258